Malayala Shailee (Malayalam) (Record no. 22930)

MARC details
000 -LEADER
fixed length control field 00281nam a2200109Ia 4500
082 ## - DEWEY DECIMAL CLASSIFICATION NUMBER
Classification number 809.481.2
Item number KUT
100 ## - MAIN ENTRY--AUTHOR NAME
Personal name Kuttikrishna Marar
245 #0 - TITLE STATEMENT
Title Malayala Shailee (Malayalam)
260 ## - PUBLICATION, DISTRIBUTION, ETC. (IMPRINT)
Place of publication Calicut
Name of publisher Mathrubhumi
Year of publication 1971
942 ## - ADDED ENTRY ELEMENTS (KOHA)
Koha item type Books
Holdings
Withdrawn status Lost status Damaged status Not for loan Home library Current library Date acquired Full call number Accession Number Koha item type
      Write off RRII Library RRII Library 16/12/2021 809.481.2 KUT 03639 Books